Länder anhand der ersten beiden Buchstaben #2 - Statistiken

Allgemein
  • Dieses Quiz wurde 293 mal gespielt
  • Das Durchschnittsergebnis liegt bei 17 aus 20
Antwortstatistiken
erste zwei Buchstaben Land % Korrekt
ÄG Ägypten
99%
FR Frankreich
99%
IT Italien
99%
JE Jemen
98%
OM Oman
97%
SY Syrien
97%
UK Ukraine
97%
AF Afghanistan
95%
Türkei
95%
AU Australien
92%
UG Uganda
92%
AS Aserbaidschan
85%
DS Dschibuti
85%
US Usbekistan
85%
SO Somalia
82%
SR Sri Lanka
82%
LA Laos
75%
GE Georgien
65%
CO Costa Rica
56%
ZE Zentralafrikanische Republik
31%
Keine übereinstimmenden Quizze gefunden
Verteilung der Resultate
Anzahl Personen mit jedem Resultat
Perzentil nach korrekt beantworteten Fragen
Ihre Resultats-Entwicklung
Sie haben dieses Quiz noch nicht gespielt